Statistics for US State Capitals With Map

Click here to take the quiz!

General Stats

  • This quiz has been taken 299 times
    (292 since last reset)
  • The average score is 37 of 50

Answers on the Map

Answers color-coded by a green-red scale on the quiz's map according to % correct below.
 

Answer Stats

Capital% Correct
Sacramento
92%
Albany
90%
Austin
90%
Denver
86%
Boise
84%
Honolulu
84%
Oklahoma City
84%
Salt Lake City
84%
Tallahassee
84%
Atlanta
83%
Boston
82%
Phoenix
81%
Baton Rouge
79%
Columbus
79%
Indianapolis
78%
Juneau
78%
Nashville
78%
Annapolis
75%
Raleigh
75%
Richmond
75%
Santa Fe
75%
Olympia
74%
Springfield
74%
Dover
73%
Jackson
73%
Lincoln
73%
Montgomery
73%
Salem
73%
Little Rock
72%
Carson City
71%
Charleston
70%
St. Paul
70%
Augusta
69%
Des Moines
69%
Providence
69%
Bismarck
67%
Cheyenne
67%
Lansing
67%
Helena
66%
Madison
66%
Pierre
66%
Columbia
65%
Hartford
64%
Topeka
64%
Harrisburg
63%
Montpelier
63%
Trenton
63%
Frankfort
61%
Jefferson City
61%
Concord
59%

Score Distribution

Percentile by Number Answered

Percent of People with Each Score

Your Score History

You have not taken this quiz since the last reset